000 00539nam a2200181 i 4500
001 142155
003 ES-MaACL
005 20230906200446.0
007 t|
008 071003s1981 sp ||||1| spa d
080 _a849.9-43"19"
100 1 _aVigil y Vázquez, Manuel.
_9114635
245 1 0 _aEntre el franquismo y el catalanismo, con Picasso en medio /
_cManuel Vigil y Vázquez.
250 _a[1ª ed.].
260 _a[Barcelona] :
_bPlaza & Janés,
_c[1981]
300 _a396 p. ;
_c22 cm.
852 _aES-MaACL
_jL-1847
_bR.102407
999 _c142155
_d142155